Stuttgarter Stadtbezirke mit Karte - Statistiken

Allgemein
  • Dieses Quiz wurde 341 mal gespielt
  • Das Durchschnittsergebnis liegt bei 17 aus 23
Antworten auf der Karte
Die Antworten werden auf der Karte rot bzw. grün angezeigt, abhängig davon wie oft sie richtig erraten wurden.
 
Antwortstatistiken
Stadtbezirk % Korrekt
Bad Cannstatt
96%
Stuttgart-Mitte
95%
Stuttgart-West
91%
Stuttgart-Nord
90%
Stuttgart-Ost
90%
Stuttgart-Süd
89%
Vaihingen
87%
Degerloch
84%
Feuerbach
84%
Untertürkheim
82%
Zuffenhausen
80%
Obertürkheim
78%
Möhringen
72%
Botnang
67%
Wangen
65%
Stammheim
64%
Weilimdorf
60%
Hedelfingen
59%
Plieningen
59%
Mühlhausen
57%
Münster
57%
Sillenbuch
54%
Birkach
49%
Keine übereinstimmenden Quizze gefunden
Verteilung der Resultate
Anzahl Personen mit jedem Resultat
Perzentil nach korrekt beantworteten Fragen
Ihre Resultats-Entwicklung
Sie haben dieses Quiz noch nicht gespielt